[Event "NK AB Meisjes"]
[Site "Chess.com"]
[Date "2020.05.01"]
[Round "3"]
[White "Basa, Manasvita"]
[Black "Huang, Luna"]
[Result "1-0"]
[WhiteElo "1649"]
[BlackElo "1141"]
[PlyCount "81"]
[EventDate "2020.??.??"]

1. e4 c5 2. d4 cxd4 3. c3 dxc3 4. Nxc3 Nc6 5. Nf3 d6 6. Bc4 Nf6 7. h3 h6 8. O-O
e5 9. Qe2 Be7 10. Rd1 Be6 11. Nd5 O-O 12. Be3 Rc8 13. Rac1 a6 14. Nb6 Rb8 15.
Bc5 Qc7 16. Be3 Qd8 17. Nd5 Rc8 18. Nxe7+ Qxe7 19. Bd5 Bxd5 20. exd5 Nd4 21.
Bxd4 Rxc1 22. Rxc1 Re8 23. Bb6 e4 24. Nd4 Qe5 25. Qe3 Nxd5 26. Qb3 Nxb6 27.
Qxb6 Rb8 28. Nc6 Qf4 29. Re1 Re8 30. Qxb7 Kh7 31. Qd7 Rg8 32. Qe7 Qd2 33. Qxe4+
Kh8 34. Ne7 Rf8 35. Nf5 Qxb2 36. Qe7 Rg8 37. Qxf7 Qd2 38. Re7 Qd1+ 39. Kh2 Qc2
40. Nxg7 Qb2 41. Nh5 1-0

[Event "NK AB Meisjes"]
[Site "Chess.com"]
[Date "2020.05.01"]
[Round "3"]
[White "Verheij, Dana"]
[Black "Cordes, Jule"]
[Result "0-1"]
[WhiteElo "1690"]
[BlackElo "1774"]
[PlyCount "112"]
[EventDate "2020.??.??"]

1. e4 c5 2. Nf3 g6 3. d4 cxd4 4. Nxd4 Bg7 5. Be3 Nc6 6. Nc3 Nf6 7. f3 d5 8. Qd2
dxe4 9. fxe4 Nxe4 10. Nxe4 Nxd4 11. Bxd4 Qxd4 12. Bb5+ Bd7 13. Bxd7+ Qxd7 14.
Qxd7+ Kxd7 15. O-O-O+ Kc7 16. Rhe1 Rad8 17. Kb1 Rxd1+ 18. Rxd1 Rd8 19. Rxd8
Kxd8 20. Ng5 Ke8 21. c3 h6 22. Ne4 Be5 23. h3 f5 24. Nc5 b6 25. Nd3 Bf6 26. Kc2
Kd7 27. Kd2 Kd6 28. Ke3 e5 29. g4 Bg5+ 30. Ke2 e4 31. Nf2 Ke5 32. gxf5 gxf5 33.
a4 Kf4 34. b4 Kg3 35. c4 e3 36. Nd3 f4 37. Ne5 Bf6 38. Ng4 Bd4 39. Kd3 Kf3 40.
Nh2+ Kg2 41. Ng4 Bg7 42. Nxe3+ fxe3 43. Kxe3 Bc3 44. c5 bxc5 45. bxc5 Kxh3 46.
Ke4 Kg4 47. c6 Ba5 48. Ke3 Kf5 49. Kf3 Ke6 50. Kg4 Kd6 51. Kh5 Kxc6 52. Kxh6
Kc5 53. Kg5 Kb4 54. Kf5 Kxa4 55. Ke4 Kb3 56. Kd3 Bc3 0-1

[Event "NK AB Meisjes"]
[Site "Chess.com"]
[Date "2020.05.01"]
[Round "3"]
[White "Warnaar, Alisha"]
[Black "Arnold, Kiri"]
[Result "1-0"]
[WhiteElo "2414"]
[BlackElo "1888"]
[PlyCount "121"]
[EventDate "2020.??.??"]

1. e4 c5 2. Nf3 Nc6 3. d4 cxd4 4. Nxd4 e5 5. Nb5 d6 6. c4 Be7 7. N1c3 a6 8. Na3
f5 9. exf5 Bxf5 10. Bd3 Be6 11. Nc2 Nf6 12. O-O O-O 13. Nd5 Rc8 14. Nce3 Nd4
15. b3 Nxd5 16. Nxd5 Bxd5 17. cxd5 Qd7 18. Bb2 Nf5 19. Rc1 Bg5 20. Rxc8 Qxc8
21. Qg4 Bd8 22. Rc1 Qd7 23. h4 Qf7 24. Bxf5 Qxf5 25. Qxf5 Rxf5 26. Rc8 Rf8 27.
Ba3 Be7 28. Rc7 Bxh4 29. g3 Bf6 30. Bxd6 Rd8 31. Be7 Bxe7 32. Rxe7 Rxd5 33.
Rxb7 Ra5 34. a4 h6 35. Kg2 Kh7 36. Kf3 Kg6 37. Ke4 Kf6 38. Rb6+ Kf7 39. Kf5 h5
40. Rb7+ Kf8 41. Ra7 g6+ 42. Kxg6 e4 43. Kf6 Ke8 44. Re7+ Kd8 45. Rxe4 Rd5 46.
Re5 Rd2 47. f4 Rg2 48. Rg5 Rb2 49. Rxh5 Rxb3 50. g4 Rb4 51. Rf5 Rxa4 52. g5 Ra1
53. g6 Rg1 54. g7 Ke8 55. Rg5 Rxg5 56. Kxg5 Kf7 57. Kh6 Kg8 58. Kg6 a5 59. f5
a4 60. f6 a3 61. f7# 1-0

[Event "NK AB Meisjes"]
[Site "Chess.com"]
[Date "2020.05.01"]
[Round "3"]
[White "Velasco, Kathleen"]
[Black "Maris, Evi"]
[Result "0-1"]
[WhiteElo "1460"]
[BlackElo "1502"]
[PlyCount "192"]
[EventDate "2020.??.??"]

1. e4 e5 2. Nf3 Nc6 3. Bc4 Bc5 4. c3 Nf6 5. d4 exd4 6. cxd4 Bb6 7. e5 Qe7 8.
O-O Ng4 9. h3 Nh6 10. Bg5 Qb4 11. Bb3 Nxd4 12. Nxd4 Bxd4 13. Qf3 Qf8 14. Nc3
Ng8 15. Nd5 Bb6 16. Rfe1 c6 17. Nf4 h6 18. Bh4 g5 19. Nh5 gxh4 20. Nf6+ Nxf6
21. exf6+ Kd8 22. Re7 Rg8 23. Rxf7 Qd6 24. Re7 Rf8 25. Rae1 Kc7 26. f7 Bc5 27.
Re8 b6 28. Rxf8 Qxf8 29. Re8 Qg7 30. Rg8 Qxb2 31. Qf4+ Bd6 32. Qf3 Qc1+ 33. Qd1
Qf4 34. Rg4 Qh2+ 35. Kf1 Qh1+ 36. Ke2 Qh2 37. Rxh4 Ba6+ 38. Bc4 Qe5+ 39. Kf1
Bxc4+ 40. Rxc4 Qb5 41. Qe2 Rf8 42. a4 Qb1+ 43. Qe1 Qd3+ 44. Qe2 Qxe2+ 45. Kxe2
Rxf7 46. Rh4 Re7+ 47. Kd3 Re6 48. f4 Rf6 49. g3 b5 50. axb5 cxb5 51. Kc3 a5 52.
Rh5 b4+ 53. Kb3 Kd8 54. Rxa5 Ke7 55. Rh5 Rg6 56. g4 Bxf4 57. Kxb4 d6 58. Kc4
Be5 59. Kd5 Kf6 60. Rf5+ Ke7 61. Rh5 Rf6 62. h4 Rf4 63. g5 hxg5 64. hxg5 Rg4
65. Rh7+ Kf8 66. Rh5 Kg7 67. Rh1 Rxg5 68. Rb1 Kf6 69. Rf1+ Ke7 70. Rb1 Bf4+ 71.
Kd4 Ke6 72. Re1+ Re5 73. Rh1 Be3+ 74. Kd3 Kd5 75. Rb1 Bd4 76. Rb5+ Bc5 77. Rb8
Re3+ 78. Kd2 Kc4 79. Rc8 Rf3 80. Rh8 d5 81. Ke2 Rb3 82. Rh4+ Kb5 83. Kd2 Rb4
84. Rh5 d4 85. Kd3 Rb3+ 86. Kd2 Kc4 87. Rh4 Bb4+ 88. Kc2 Rf3 89. Rg4 Rf2+ 90.
Kc1 Kc3 91. Rg3+ d3 92. Kb1 Rf1+ 93. Ka2 Kc2 94. Rg2+ d2 95. Rh2 Bc3 96. Rxd2+
Bxd2 0-1

[Event "NK AB Meisjes"]
[Site "Chess.com"]
[Date "2020.05.01"]
[Round "3"]
[White "Honkoop, Stella"]
[Black "Maris, Lauri"]
[Result "1-0"]
[WhiteElo "1543"]
[BlackElo "1607"]
[PlyCount "141"]
[EventDate "2020.??.??"]

1. d4 d5 2. Bf4 Nc6 3. e3 Nf6 4. c3 Bf5 5. Nf3 e6 6. Nbd2 Ne4 7. Be2 Nxd2 8.
Qxd2 Bd6 9. Bg3 Bxg3 10. hxg3 h6 11. Ne5 Nxe5 12. dxe5 Qd7 13. g4 Bg6 14. g5
O-O-O 15. gxh6 Rxh6 16. Rxh6 gxh6 17. Qd4 Kb8 18. Qh4 Rh8 19. Qf6 Qd8 20. Qxd8+
Rxd8 21. O-O-O c6 22. Rh1 Rh8 23. Kd2 Be4 24. f3 Bg6 25. Bd3 Bxd3 26. Kxd3 Kc7
27. g4 b5 28. e4 dxe4+ 29. Kxe4 c5 30. Rh5 Rd8 31. Ke3 Rd1 32. Rxh6 Re1+ 33.
Kd2 Rxe5 34. Rh7 Rd5+ 35. Kc2 Rd7 36. g5 Kc6 37. f4 Kd6 38. Kd3 c4+ 39. Ke3 Kc6
40. Rg7 a6 41. g6 fxg6 42. Rxg6 Re7 43. Ke4 Kd6 44. f5 Kd7 45. fxe6+ Rxe6+ 46.
Rxe6 Kxe6 47. Kd4 Kd6 48. b3 cxb3 49. axb3 a5 50. b4 axb4 51. cxb4 Kc6 52. Ke5
Kc7 53. Kd5 Kb6 54. Kd6 Kb7 55. Kc5 Kc7 56. Kxb5 Kb7 57. Kc5 Kc7 58. b5 Kb7 59.
b6 Kb8 60. Kc6 Kc8 61. Kb5 Kb7 62. Kc5 Kc8 63. Kc6 Kb8 64. b7 Ka7 65. Kc7 Ka6
66. b8=Q Ka5 67. Kc6 Ka4 68. Kc5 Ka3 69. Kc4 Ka2 70. Kc3 Ka1 71. Qb2# 1-0

[Event "NK AB Meisjes"]
[Site "Chess.com"]
[Date "2020.05.01"]
[Round "4"]
[White "Maris, Evi"]
[Black "Gergin, Isafara"]
[Result "1-0"]
[WhiteElo "1506"]
[BlackElo "1294"]
[PlyCount "75"]
[EventDate "2020.??.??"]

1. e4 c5 2. Nf3 Nc6 3. Bc4 e6 4. O-O Nf6 5. d3 d5 6. exd5 exd5 7. Bb3 Be7 8.
Bg5 O-O 9. c3 Bg4 10. h3 Bh5 11. Nbd2 Rc8 12. Rc1 a6 13. Bc2 b5 14. d4 c4 15.
Bf5 Rb8 16. b3 h6 17. Bh4 Qc7 18. Bg3 Bd6 19. Bh4 g5 20. Bg3 Bxg3 21. fxg3 Qxg3
22. bxc4 bxc4 23. Qe2 Rfe8 24. Qd1 Rbd8 25. Qa4 Re2 26. Ne1 Ne7 27. Qa5 Re8 28.
Qxa6 Kg7 29. Bg4 Nxg4 30. hxg4 Bxg4 31. Qf6+ Kh7 32. Qxf7+ Kh8 33. Qxe8+ Kg7
34. Qf7+ Kh8 35. Qe8+ Kg7 36. Rf7+ Kg6 37. Rf3+ Kg7 38. Rxg3 1-0

[Event "NK AB Meisjes"]
[Site "Chess.com"]
[Date "2020.05.01"]
[Round "4"]
[White "Duson, Robin"]
[Black "Arnold, Kiri"]
[Result "1-0"]
[WhiteElo "1928"]
[BlackElo "1783"]
[PlyCount "47"]
[EventDate "2020.??.??"]

1. d4 Nf6 2. c4 c5 3. d5 b5 4. Qc2 bxc4 5. e4 d6 6. Bxc4 Nbd7 7. Nf3 g6 8. O-O
Bg7 9. h3 O-O 10. Rd1 Nb6 11. Be2 Ne8 12. Nc3 f5 13. exf5 Bxf5 14. Bd3 Bxh3 15.
Ng5 Bd7 16. Bxg6 hxg6 17. Qxg6 Bf5 18. Qh5 Nf6 19. Qh4 Nh7 20. Ne6 Bxe6 21.
dxe6 Qe8 22. Rd3 Rf6 23. Rh3 Qg6 24. Rg3 1-0

[Event "NK AB Meisjes"]
[Site "Chess.com"]
[Date "2020.05.01"]
[Round "4"]
[White "Maris, Lauri"]
[Black "Bertholee, Arjuna"]
[Result "1-0"]
[WhiteElo "1630"]
[BlackElo "1358"]
[PlyCount "100"]
[EventDate "2020.??.??"]

1. e4 e5 2. Nf3 Nc6 3. Bb5 Nf6 4. Bxc6 bxc6 5. Nc3 Bb4 6. d3 Bxc3+ 7. bxc3 d6
8. O-O Bg4 9. h3 Bh5 10. Bg5 O-O 11. Qe2 d5 12. exd5 cxd5 13. Qe3 Bxf3 14. Qxf3
e4 15. Qf4 Qd6 16. Qxd6 cxd6 17. Bxf6 gxf6 18. dxe4 dxe4 19. Rad1 Rfd8 20. Rfe1
d5 21. c4 dxc4 22. Rxd8+ Rxd8 23. Rxe4 Rd1+ 24. Kh2 c3 25. Re3 Rd2 26. Rxc3
Rxf2 27. Rc7 a5 28. Kg3 Rd2 29. Rc5 Kf8 30. Rxa5 Rxc2 31. Ra6 Ke7 32. Ra7+ Ke6
33. Ra6+ Ke7 34. a4 Rc3+ 35. Kh2 Ra3 36. Ra7+ Ke6 37. Ra6+ Ke7 38. a5 f5 39.
Ra7+ Ke6 40. a6 f4 41. Ra8 f5 42. a7 Ke7 43. Rh8 f3 44. a8=Q Rxa8 45. Rxa8 f2
46. Ra1 h5 47. Kg3 h4+ 48. Kxf2 f4 49. Kf3 Ke6 50. Kxf4 Kd5 1-0

[Event "NK AB Meisjes"]
[Site "Chess.com"]
[Date "2020.05.01"]
[Round "4"]
[White "De Zoeten, Cato"]
[Black "Verheij, Dana"]
[Result "0-1"]
[WhiteElo "1516"]
[BlackElo "1696"]
[PlyCount "58"]
[EventDate "2020.??.??"]

1. e4 c5 2. Nf3 d6 3. d4 cxd4 4. Nxd4 Nf6 5. Nc3 a6 6. h3 e5 7. Nde2 h5 8. Bg5
Be6 9. Bxf6 Qxf6 10. Nd5 Bxd5 11. Qxd5 Nc6 12. Nc3 Qf4 13. Bc4 Be7 14. Ne2 Qf6
15. O-O-O O-O 16. Ng3 Nb4 17. Qd2 a5 18. Kb1 Rfc8 19. Bb3 d5 20. Nf5 a4 21.
Bxd5 Rxc2 22. Qe3 Bc5 23. Qg3 Rc8 24. Qh2 Bxf2 25. g4 h4 26. Rhf1 Bd4 27. Qh1
Rxb2+ 28. Ka1 Rxa2+ 29. Kb1 Ra1# 0-1

[Event "NK AB Meisjes"]
[Site "Chess.com"]
[Date "2020.05.01"]
[Round "4"]
[White "Hofstra, Tetske"]
[Black "De Boer, Marit"]
[Result "0-1"]
[WhiteElo "765"]
[BlackElo "1375"]
[PlyCount "97"]
[EventDate "2020.??.??"]

1. e4 e5 2. Nf3 Nc6 3. Bb5 d6 4. Nc3 Bd7 5. d4 exd4 6. Nxd4 Nxd4 7. Bxd7+ Qxd7
8. Qxd4 Nf6 9. O-O Be7 10. Bf4 O-O 11. e5 dxe5 12. Qxd7 Nxd7 13. Bg3 f6 14. Nd5
Bd6 15. Rad1 Nb6 16. Nxb6 axb6 17. a3 Rfd8 18. b4 Rxa3 19. f4 exf4 20. Bxf4
Raa8 21. c3 Bxf4 22. Rxd8+ Rxd8 23. Rxf4 Kf7 24. Kf2 Rd3 25. Rc4 c6 26. Ke2 Rd5
27. Rh4 h6 28. g4 b5 29. Rh3 Rg5 30. Rg3 Ke6 31. h3 Re5+ 32. Kd2 Kd5 33. Kd3 b6
34. Kc2 Ke6 35. Kd3 c5 36. bxc5 bxc5 37. c4 b4 38. Kc2 Re4 39. Kb3 Ke5 40. Ka4
Kd4 41. h4 Kxc4 42. h5 Re8 43. Ka5 b3 44. Rg1 Rb8 45. Rc1+ Kd3 46. Ka4 b2 47.
Rb1 Kc2 48. Rf1 b1=Q 49. Rxb1 0-1

[Event "NK AB Meisjes"]
[Site "Chess.com"]
[Date "2020.05.01"]
[Round "4"]
[White "Waardenburg, Marlinde"]
[Black "Feng, Elysia"]
[Result "1-0"]
[WhiteElo "1695"]
[BlackElo "1306"]
[PlyCount "80"]
[EventDate "2020.??.??"]

1. e4 e5 2. Nf3 Nc6 3. Bc4 Bc5 4. d3 Nf6 5. c3 h6 6. Nbd2 d6 7. Bb3 Bg4 8. h3
Bh5 9. Nf1 Qd7 10. Ng3 Bg6 11. Bc2 O-O-O 12. b4 Bb6 13. a4 a5 14. bxa5 Nxa5 15.
Bd2 h5 16. c4 h4 17. Ne2 Bh5 18. Nc3 c6 19. Rb1 Bc7 20. Na2 d5 21. cxd5 cxd5
22. Qe2 dxe4 23. dxe4 Bxf3 24. gxf3 Nc4 25. Bc3 Na3 26. Rd1 Qc6 27. O-O Nxc2
28. Qxc2 Nh5 29. Nb4 Qc4 30. Rc1 Nf4 31. Bxe5 Qxc2 32. Rxc2 Nxh3+ 33. Kg2 Rd7
34. Kxh3 f6 35. Bh2 g5 36. Rfc1 Rhh7 37. Nd5 g4+ 38. fxg4 Kd8 39. Rxc7 Rxc7 40.
Rxc7 Rxc7 1-0

[Event "NK AB Meisjes"]
[Site "Chess.com"]
[Date "2020.05.01"]
[Round "4"]
[White "Cordes, Jule"]
[Black "Warnaar, Alisha"]
[Result "0-1"]
[WhiteElo "1771"]
[BlackElo "2416"]
[PlyCount "106"]
[EventDate "2020.??.??"]

1. d4 Nf6 2. c4 g6 3. Nc3 Bg7 4. Nf3 d6 5. Bg5 O-O 6. e3 Nbd7 7. Be2 e5 8. O-O
c6 9. Rc1 Re8 10. Qc2 Qc7 11. Rfd1 h6 12. Bh4 exd4 13. exd4 a5 14. Bg3 Nh5 15.
a3 Nxg3 16. hxg3 Nf6 17. Bd3 Be6 18. Re1 d5 19. cxd5 Nxd5 20. Bc4 Ne3 21. Rxe3
Bxc4 22. Rce1 Rxe3 23. Rxe3 Be6 24. Ne4 Rd8 25. Rd3 Bf5 26. Qe2 Qe7 27. Re3
Bxd4 28. Nxd4 Rxd4 29. Nc3 Qf6 30. Re8+ Kg7 31. Rb8 Qe6 32. Qxe6 Bxe6 33. Rxb7
Rd2 34. Na4 Rd1+ 35. Kh2 Rd2 36. Ra7 Rxf2 37. Kg1 Rd2 38. Rxa5 Bd5 39. Ra7
Rxg2+ 40. Kf1 Rxg3 41. Nc5 Rf3+ 42. Ke2 Rg3 43. Kf2 Rg2+ 44. Ke3 Rxb2 45. a4 h5
46. a5 h4 47. a6 h3 48. Ra8 h2 49. a7 h1=Q 50. Rg8+ Kxg8 51. a8=Q+ Kg7 52. Kd4
Rb4+ 53. Ke5 Qh2# 0-1

[Event "NK AB Meisjes"]
[Site "Chess.com"]
[Date "2020.05.01"]
[Round "4"]
[White "Honkoop, Stella"]
[Black "Veronique, Bogouslavskii"]
[Result "0-1"]
[WhiteElo "1510"]
[BlackElo "1753"]
[PlyCount "120"]
[EventDate "2020.??.??"]

1. d4 Nf6 2. Bf4 g6 3. e3 Bg7 4. Nf3 b6 5. Nbd2 Bb7 6. Bd3 d6 7. c3 Nbd7 8. h3
O-O 9. g4 Re8 10. g5 Nd5 11. Bg3 e5 12. dxe5 dxe5 13. Ne4 Qe7 14. h4 Nf4 15.
Bc2 Ne6 16. h5 Nec5 17. Nxc5 Nxc5 18. hxg6 fxg6 19. Rh2 Qf7 20. Nh4 Rad8 21.
Qe2 Qe7 22. Bb3+ Bd5 23. Bc2 Qxg5 24. f3 Qe7 25. Nxg6 hxg6 26. Bxg6 Qf6 27.
Bxe8 Rxe8 28. Qc2 Kf7 29. O-O-O c6 30. f4 exf4 31. exf4 Ke7 32. Re2+ Kd7 33.
Rxe8 Kxe8 34. Qe2+ Kd7 35. Qg4+ Qe6 36. f5 Qf6 37. Qh3 Qh6+ 38. Qxh6 Bxh6+ 39.
Kc2 Ke7 40. Re1+ Kf6 41. Rf1 Be4+ 42. Kd1 Bxf5 43. Bh4+ Bg5 44. Bg3 Ne4 45. Rf2
Nxf2+ 46. Bxf2 Bg4+ 47. Kc2 Ke5 48. Bg3+ Bf4 49. Bf2 Kd5 50. b3 Bf5+ 51. Kb2 b5
52. Bxa7 c5 53. b4 c4 54. Bd4 Ke4 55. Kc2 Kf3+ 56. Kb2 Ke2 57. Bf6 Kd3 58. Bd4
Bg4 59. a3 Kd2 60. Bf6 Bd1 0-1

[Event "NK AB Meisjes"]
[Site "Chess.com"]
[Date "2020.05.01"]
[Round "4"]
[White "Basa, Manasvita"]
[Black "Den Heijer, Rolinde"]
[Result "0-1"]
[WhiteElo "1642"]
[BlackElo "1719"]
[PlyCount "136"]
[EventDate "2020.??.??"]

1. e4 c5 2. d4 cxd4 3. c3 dxc3 4. Nxc3 Nc6 5. Nf3 e5 6. Bc4 Be7 7. O-O Nf6 8.
Qe2 O-O 9. Rd1 d6 10. h3 a6 11. Be3 Qc7 12. Rac1 Bd7 13. Bb3 Qa5 14. Na4 Qb5
15. Qc2 Nd4 16. Nxd4 exd4 17. Bxd4 Qg5 18. Be3 Qe5 19. Nb6 Rad8 20. f3 Bc6 21.
Bd4 Qf4 22. Qf2 Qg5 23. Be3 Qg6 24. Bc2 Qh5 25. Rd2 Qb5 26. Bd3 Qe5 27. f4 Qa5
28. e5 dxe5 29. fxe5 Ne4 30. Bxe4 Bxe4 31. Rxd8 Rxd8 32. Qf4 Bg6 33. Rf1 h6 34.
Nc4 Qc7 35. Bb6 Bc5+ 36. Bxc5 Qxc5+ 37. Kh2 Re8 38. Rc1 Qd5 39. Re1 f6 40. Qg3
Bf7 41. Nd6 Rxe5 42. Nxf7 Kxf7 43. Rf1 Re2 44. Rf2 Rxf2 45. Qxf2 Qe5+ 46. Kg1
Qd5 47. Qe2 Qxa2 48. Qc2 Qd5 49. Qc7+ Kg6 50. Qc2+ f5 51. Qf2 Qd1+ 52. Kh2 Qd6+
53. Kg1 Qc6 54. Qg3+ Kh7 55. Qf2 Qe6 56. Qc2 Qe4 57. Qc3 f4 58. Kf2 Qe3+ 59.
Qxe3 fxe3+ 60. Kxe3 Kg6 61. Ke4 Kg5 62. g3 Kf6 63. b4 b6 64. h4 a5 65. bxa5
bxa5 66. Kd4 a4 67. Kc4 Kf5 68. Kb4 Kg4 0-1

[Event "NK AB Meisjes"]
[Site "Chess.com"]
[Date "2020.05.01"]
[Round "4"]
[White "Van Essen, Marieke"]
[Black "Huang, Luna"]
[Result "0-1"]
[WhiteElo "1509"]
[BlackElo "1271"]
[PlyCount "156"]
[EventDate "2020.??.??"]

1. e4 c5 2. Nf3 d6 3. Bb5+ Bd7 4. Bxd7+ Qxd7 5. d3 Nf6 6. O-O Nc6 7. Nc3 e5 8.
Bg5 Be7 9. Bxf6 Bxf6 10. Nd5 Bd8 11. Nd2 Ne7 12. Nxe7 Bxe7 13. f4 O-O 14. fxe5
dxe5 15. Nc4 Bd6 16. Qh5 Qe6 17. Rf3 b5 18. Ne3 Qg6 19. Qh4 Qe6 20. Raf1 Rab8
21. Rg3 Be7 22. Qh5 Kh8 23. Rh3 Qg6 24. Qxe5 Bd6 25. Qh5 Qxh5 26. Rxh5 Rbe8 27.
Rd5 Rd8 28. Nf5 Bc7 29. Ne7 Rxd5 30. Nxd5 Bd6 31. Kh1 h6 32. Rf5 g6 33. Rf3 Kg7
34. c3 Be5 35. Ne7 Bf6 36. Nc6 Ra8 37. g3 a6 38. e5 Bg5 39. Na5 Bc1 40. b3 Bd2
41. Nb7 Bxc3 42. Nxc5 Bxe5 43. Nd7 Bd6 44. Re3 Rc8 45. Re2 Rc1+ 46. Kg2 Bc7 47.
d4 Bd6 48. Ne5 Bxe5 49. dxe5 Rc6 50. Kf3 Rc3+ 51. Re3 Rxe3+ 52. Kxe3 f5 53. Kd4
Kf7 54. Kd5 Ke7 55. Kc6 Ke6 56. Kb6 Kxe5 57. Kxa6 g5 58. Kxb5 f4 59. gxf4+ gxf4
60. a4 f3 61. a5 f2 62. a6 f1=Q+ 63. Kb6 Qf2+ 64. Kb7 Qf7+ 65. Kb8 Qe8+ 66. Kb7
Qd7+ 67. Kb6 Qc8 68. a7 Qa8 69. b4 Kd6 70. b5 Qd8+ 71. Ka6 Qc8+ 72. Kb6 Qc7+
73. Ka6 Qc8+ 74. Kb6 Qa8 75. Ka6 Kc5 76. b6 Qc8+ 77. Ka5 Qb7 78. Ka4 Qxb6 0-1

[Event "NK AB Meisjes"]
[Site "Chess.com"]
[Date "2020.05.01"]
[Round "5"]
[White "Maris, Evi"]
[Black "Basa, Manasvita"]
[Result "1-0"]
[WhiteElo "1517"]
[BlackElo "1631"]
[PlyCount "59"]
[EventDate "2020.??.??"]

1. e4 e5 2. Nf3 Nc6 3. Bc4 Bc5 4. c3 Nf6 5. d4 exd4 6. cxd4 Bb4+ 7. Bd2 Nxe4 8.
Bxb4 Nxb4 9. Qb3 Qe7 10. O-O O-O 11. Re1 c6 12. Rxe4 Qxe4 13. Qxb4 d5 14. Bf1
Bg4 15. Nbd2 Qf5 16. Re1 Rfe8 17. Rc1 Re7 18. Qxe7 Qf4 19. Re1 Rf8 20. Bd3 Be6
21. Qh4 Qxh4 22. Nxh4 Rc8 23. Nhf3 c5 24. dxc5 Rxc5 25. Ng5 h6 26. Nxe6 fxe6
27. Rxe6 Rc1+ 28. Nf1 Rd1 29. Bg6 Kf8 30. Re8# 1-0

[Event "NK AB Meisjes"]
[Site "Chess.com"]
[Date "2020.05.01"]
[Round "5"]
[White "Bertholee, Arjuna"]
[Black "Hofstra, Tetske"]
[Result "1-0"]
[WhiteElo "1360"]
[BlackElo "747"]
[PlyCount "53"]
[EventDate "2020.??.??"]

1. e4 e5 2. Nf3 Nc6 3. Nc3 Nf6 4. Bb5 d6 5. d3 Bd7 6. Bg5 Be7 7. O-O Nd4 8.
Bxd7+ Qxd7 9. Bxf6 Bxf6 10. Nxd4 exd4 11. Nd5 Bg5 12. Qf3 O-O 13. Qg3 Bh6 14.
Nf6+ Kh8 15. Nxd7 Rfe8 16. f4 g6 17. Nf6 Re7 18. Qh4 Kg7 19. Nh5+ Kg8 20. Qxe7
Rc8 21. Nf6+ Kg7 22. f5 b6 23. fxg6 hxg6 24. Ne8+ Kh7 25. Rxf7+ Kg8 26. Nf6+
Kh8 27. Rh7# 1-0

[Event "NK AB Meisjes"]
[Site "Chess.com"]
[Date "2020.05.01"]
[Round "5"]
[White "Gergin, Isafara"]
[Black "Van Essen, Marieke"]
[Result "0-1"]
[WhiteElo "1290"]
[BlackElo "1513"]
[PlyCount "54"]
[EventDate "2020.??.??"]

1. e4 e5 2. Nf3 Nc6 3. Bc4 Bc5 4. b4 Bxb4 5. c3 Be7 6. d4 exd4 7. cxd4 Nf6 8.
Nc3 O-O 9. O-O Bb4 10. Qd3 Bxc3 11. Qxc3 Nxe4 12. Qd3 d5 13. Bb3 Be6 14. Bf4
Bf5 15. Qb5 Rb8 16. Bxd5 a6 17. Qc4 Na5 18. Bxc7 Nxc4 19. Bxd8 Rfxd8 20. Bxc4
Rbc8 21. Bd5 Rxd5 22. Rab1 b5 23. Rfc1 Rdd8 24. Rd1 Nc3 25. d5 Nxb1 26. Rxb1
Bxb1 27. Kf1 Rxd5 0-1

[Event "NK AB Meisjes"]
[Site "Chess.com"]
[Date "2020.05.01"]
[Round "5"]
[White "Huang, Luna"]
[Black "De Zoeten, Cato"]
[Result "0-1"]
[WhiteElo "1245"]
[BlackElo "1525"]
[PlyCount "44"]
[EventDate "2020.??.??"]

1. e4 c5 2. Nf3 d6 3. d4 cxd4 4. Nxd4 Nf6 5. Nc3 a6 6. Be3 e5 7. Nb3 Be6 8. f3
h5 9. h4 Nbd7 10. Be2 Qc7 11. Qd2 Rc8 12. Rg1 b5 13. Bd3 Be7 14. Bg5 Nb6 15.
Qe2 Nc4 16. Bxc4 bxc4 17. Nd2 Qb6 18. O-O-O Rb8 19. Na4 Qb4 20. b3 Qa3+ 21. Nb2
c3 22. Ndc4 Bxc4 0-1

[Event "NK AB Meisjes"]
[Site "Chess.com"]
[Date "2020.05.01"]
[Round "5"]
[White "Verheij, Dana"]
[Black "Honkoop, Stella"]
[Result "1-0"]
[WhiteElo "1701"]
[BlackElo "1482"]
[PlyCount "61"]
[EventDate "2020.??.??"]

1. e4 c5 2. Nf3 Nc6 3. d4 cxd4 4. Nxd4 e5 5. Nb5 d6 6. c4 a6 7. N5a3 Nf6 8. Nc3
Be7 9. f3 Be6 10. Be3 Qc7 11. Bd3 Nb4 12. Qa4+ Nc6 13. Nd5 Qd8 14. Bb6 Qd7 15.
Nc7+ Kf8 16. Nxa8 Qc8 17. Nc7 Bd8 18. Nxe6+ Qxe6 19. Bxd8 Nxd8 20. O-O-O Nc6
21. Nc2 Ke7 22. Kb1 Rc8 23. Nb4 Nd4 24. Nd5+ Nxd5 25. exd5 Qf6 26. Rhe1 Kf8 27.
Qb4 Qe7 28. Bxh7 b5 29. Rxd4 Qa7 30. Qxd6+ Ke8 31. Rxe5+ 1-0

[Event "NK AB Meisjes"]
[Site "Chess.com"]
[Date "2020.05.01"]
[Round "5"]
[White "De Boer, Marit"]
[Black "Maris, Lauri"]
[Result "1-0"]
[WhiteElo "1394"]
[BlackElo "1549"]
[PlyCount "95"]
[EventDate "2020.??.??"]

1. c4 e5 2. g3 Nc6 3. Nc3 Nf6 4. Bg2 Bb4 5. d3 Bxc3+ 6. bxc3 d6 7. Nf3 Bg4 8.
O-O Bxf3 9. Bxf3 O-O 10. Bg5 Nb8 11. Qa4 c6 12. Rab1 Qe7 13. Bxf6 Qxf6 14. Rxb7
Qd8 15. Bxc6 Nxc6 16. Qxc6 Rc8 17. Qa6 Ra8 18. Rfb1 h6 19. Rxa7 Rxa7 20. Qxa7
Qf6 21. a4 e4 22. Qd4 Qxd4 23. cxd4 exd3 24. exd3 Ra8 25. Rb4 Re8 26. Kf1 f6
27. a5 Ra8 28. Rb5 Kf7 29. Ke2 Ke6 30. f4 f5 31. Ke3 Kf6 32. Kf3 Ke6 33. d5+
Kf6 34. Ke3 Ke7 35. d4 Kf7 36. c5 dxc5 37. dxc5 Re8+ 38. Kd2 Rd8 39. c6 Ke7 40.
Kd3 Kd6 41. Kc4 Ke7 42. a6 Ra8 43. Rb7+ Kf6 44. a7 Kg6 45. c7 Kf6 46. Rb8 Rxa7
47. c8=Q Rf7 48. Qe6# 1-0

[Event "NK AB Meisjes"]
[Site "Chess.com"]
[Date "2020.05.01"]
[Round "5"]
[White "Den Heijer, Rolinde"]
[Black "Cordes, Jule"]
[Result "0-1"]
[WhiteElo "1712"]
[BlackElo "1811"]
[PlyCount "58"]
[EventDate "2020.??.??"]

1. e4 c5 2. Nf3 g6 3. d4 cxd4 4. Nxd4 Bg7 5. Be3 Nc6 6. Nc3 Nf6 7. f3 d5 8.
exd5 Nxd5 9. Nxd5 Qxd5 10. Nxc6 bxc6 11. c3 O-O 12. Qd2 Be6 13. Bd3 Rfd8 14.
Bc2 Qb5 15. Qc1 Bc8 16. Kf2 Ba6 17. Re1 Rd7 18. Bb3 Rad8 19. Qc2 Qh5 20. Kg1
Be5 21. h3 Qh4 22. f4 Bxf4 23. Bxf4 Qxf4 24. Rad1 Rd2 25. Rxd2 Rxd2 26. Qe4
Qf2+ 27. Kh2 Bf1 28. Re3 Bxg2 29. Qxe7 Bf3# 0-1

[Event "NK AB Meisjes"]
[Site "Chess.com"]
[Date "2020.05.01"]
[Round "5"]
[White "Warnaar, Alisha"]
[Black "Duson, Robin"]
[Result "1-0"]
[WhiteElo "2420"]
[BlackElo "1927"]
[PlyCount "75"]
[EventDate "2020.??.??"]

1. e4 c5 2. Nf3 e6 3. d4 cxd4 4. Nxd4 Nc6 5. Nc3 Qc7 6. Be3 a6 7. Qf3 Ne5 8.
Qg3 h5 9. O-O-O h4 10. Qh3 b5 11. f4 Nc4 12. Bxc4 Qxc4 13. Kb1 Bb7 14. f5 e5
15. Nf3 d6 16. Rhe1 Rc8 17. a3 Nf6 18. Nd2 Qc7 19. Rc1 Bc6 20. g4 Nd7 21. Qf3
Nb6 22. f6 g6 23. Nd5 Bxd5 24. exd5 Qb7 25. Bxb6 Qxb6 26. g5 Rh5 27. Qg4 Rc5
28. Ne4 Rc4 29. b3 Rc7 30. Kb2 a5 31. Red1 a4 32. b4 Rc4 33. Rd3 Qc7 34. Rc3 h3
35. Rxc4 Qxc4 36. Rd1 Kd8 37. Rd3 Kc7 38. Rc3 1-0

[Event "NK AB Meisjes"]
[Site "Chess.com"]
[Date "2020.05.01"]
[Round "5"]
[White "Veronique, Bogouslavskii"]
[Black "Waardenburg, Marlinde"]
[Result "0-1"]
[WhiteElo "1661"]
[BlackElo "1715"]
[PlyCount "104"]
[EventDate "2020.??.??"]

1. d4 Nf6 2. c4 g6 3. Nf3 Bg7 4. e3 O-O 5. Bd3 d5 6. Nbd2 c5 7. Qc2 cxd4 8.
Nxd4 Nc6 9. Nxc6 bxc6 10. O-O e5 11. cxd5 cxd5 12. e4 Bb7 13. exd5 Qxd5 14. f3
Rfc8 15. Qb3 Qd4+ 16. Kh1 Rab8 17. Bc4 Bd5 18. Qa4 Bxc4 19. Nxc4 Qxc4 20. Qxc4
Rxc4 21. b3 Rc2 22. Be3 a6 23. Rfc1 Rbc8 24. Rxc2 Rxc2 25. Kg1 h5 26. a3 Rc3
27. Bf2 Rxb3 28. Bc5 Nd5 29. Rd1 Nf4 30. Rd8+ Kh7 31. Ra8 Rb1+ 32. Kf2 Nd3+ 33.
Kg3 Nxc5 34. Rc8 Ne6 35. Rc6 a5 36. Ra6 Rb5 37. a4 Rc5 38. h3 Nd4 39. Ra7 f5
40. Ra6 Kh6 41. h4 e4 42. fxe4 fxe4 43. Kf4 Re5 44. Ke3 Nf5+ 45. Kf4 Nxh4 46.
g3 Nf5 47. g4 hxg4 48. Kxg4 e3 49. Kh3 e2 50. Kg4 e1=Q 51. Rxg6+ Kxg6 52. Kh3
Qg3# 0-1

[Event "NK AB Meisjes"]
[Site "Chess.com"]
[Date "2020.05.01"]
[Round "5"]
[White "Feng, Elysia"]
[Black "Velasco, Kathleen"]
[Result "1-0"]
[WhiteElo "1317"]
[BlackElo "1436"]
[PlyCount "121"]
[EventDate "2020.??.??"]

1. e4 e5 2. Nf3 Nc6 3. Bb5 Bc5 4. O-O d6 5. d4 exd4 6. Nxd4 Bd7 7. Nxc6 Bxc6 8.
Bxc6+ bxc6 9. Nc3 Nf6 10. Bg5 h6 11. Bh4 Qe7 12. Re1 O-O 13. Kh1 Qe5 14. Bg3
Qg5 15. f4 Qg6 16. Qf3 Nh5 17. Bf2 Bxf2 18. Qxf2 Qg4 19. Rf1 Rfe8 20. e5 dxe5
21. fxe5 Re7 22. Rae1 Rae8 23. h3 Qg6 24. g4 Rxe5 25. gxh5 Qxh5 26. Rxe5 Rxe5
27. Qf3 Qg6 28. Qd3 Qg5 29. Ne4 Qe7 30. Nf2 Rd5 31. Qe4 Qd7 32. Nd3 Rd4 33. Qf3
Rh4 34. Kh2 Qd6+ 35. Qg3 Qe7 36. Re1 Re4 37. Rxe4 Qxe4 38. Qf4 Qe2+ 39. Qf2 Qe6
40. Qxa7 Qd6+ 41. Kg2 Qg6+ 42. Kf3 Qf5+ 43. Ke2 Qxh3 44. Qxc7 Qg2+ 45. Kd1 Qf3+
46. Kd2 Qg2+ 47. Kc3 Qd5 48. a3 Qe6 49. Qd8+ Kh7 50. Qd4 h5 51. Ne5 Qh3+ 52.
Qd3+ Qxd3+ 53. Kxd3 f6 54. Nf3 g5 55. a4 h4 56. a5 g4 57. Nxh4 Kh6 58. a6 g3
59. a7 Kg5 60. Ng2 Kg4 61. a8=Q 1-0